| 000 | 00781nam a2200265Ia 4500 | ||
|---|---|---|---|
| 008 | 160319s9999 xx 000 0 und d | ||
| 020 | _a9712342093 | ||
| 050 | _aFIL PE 1130.5 | ||
| 050 | _b.P5B37 2005 c.2 | ||
| 100 | _aBaraceros, Esther L. | ||
| 245 | _aEnglish plus : | ||
| 245 | _bcommunicative-functional grammar / | ||
| 245 | _cEsther L. Baraceros. | ||
| 250 | _aRevised Edition | ||
| 260 | _aManila: | ||
| 260 | _bRex Book Store, Inc., | ||
| 260 | _c2005 | ||
| 300 | _a136 pages : | ||
| 300 | _billustrations ; | ||
| 300 | _c22 cm. | ||
| 500 | _aIncludes bibliographical references and index. | ||
| 650 | _aEnglish language -- Grammar. | ||
| 650 | _aEnglish language -- Study and teaching. | ||
| 650 | _xEnglish language -- Composition and exercises. | ||
| 999 |
_c291728 _d291728 |
||